| 000 | 00576nam a2200241Ia 4500 | ||
|---|---|---|---|
| 008 | 210210b2004 xxu||||| |||| 00| 0 eng d | ||
| 020 | _a0521528879 | ||
| 041 | _aeng | ||
| 082 | _a620.1122 ALLI | ||
| 100 | _aALLSOPP (Dennis) | ||
| 245 | _aIntroduction to biodeterioration Ed 2 | ||
| 250 | _a | ||
| 260 |
_aNew York _bCambridge University Press _c2004 |
||
| 300 | _axii,237 | ||
| 650 | _ato | ||
| 650 | _aIntroduction | ||
| 650 | _aEd | ||
| 650 | _abiodeterioration | ||
| 650 | _a2 | ||
| 690 | _aEngineering | ||
| 700 | _aSEAL (Kenneth J) | ||
| 906 | _a066878 | ||
| 999 |
_c149330 _d149330 |
||